| 000 | 01310cam a2200337 4500 | ||
|---|---|---|---|
| 008 | 090401t2002 xxu||||| |||| 00| 0 eng d | ||
| 020 | _a0419213902 | ||
| 035 | _a(Sirsi) u99828 | ||
| 041 | _aeng | ||
| 050 | _a614.7 | ||
| 100 | _aMerrington, G. | ||
| 245 | _aAgricultural pollution: environmental problems and practical solutions. | ||
| 260 |
_aLondon _bSpon Press _c2002 |
||
| 300 |
_axiv,243p. _bill. _c24cm. |
||
| 350 | _a19.95 | ||
| 490 | _aSpon's Environmental Science and Engineering Series | ||
| 520 | _aProvides a concise overview of environmental problems caused by agriculture and offers practical solutions to them. Helps provide a scientific and technical understanding of the most important sources of agricultural pollution. Topics covered include: soil, water and land use interactions; nitrogen; soil erosion; organic wastes; gaseous emissions; pesticides; genetic modification; and agricultural policy. | ||
| 650 | _aFARMING | ||
| 650 | _aAGRICULTURE | ||
| 650 | _aPOLLUTION | ||
| 650 | _aENVIRONMENTAL PROBLEMS | ||
| 650 | _aPESTICIDES | ||
| 650 | _aNITRATE POLLUTION | ||
| 650 | _aORGANIC WASTE | ||
| 690 | _aENVIRONMENTAL AND LAND CONSULTANCY | ||
| 700 | _aWinder, L. | ||
| 700 | _aParkinson, R. | ||
| 700 | _aRedman, M. | ||
| 942 | _n0 | ||
| 948 | _c13/04/1999 | ||
| 999 |
_c99482 _d99482 |
||